000 00449nam a2200169Ia 4500
003 SGT
020 _a9781403923417
082 _a530.12
_bGHA
100 _aLokanathan,S
245 _aQuantum mechanics
250 _a5th Ed.
260 _bTata McGraw Hill Education Private Limited
_aNew Delhi
_c2010
300 _a762p.
650 _aPHYSICS
653 _aMATHEMATICAL PRELIMINARIES, BASIC QUANTUM MECHANIC, QUANTUM MECHANICS
942 _2ddc
_cBK
_03
999 _c5126
_d5126